<?xml version="1.0" encoding="UTF-8"?>
<record
    xmlns:xsi="http://www.w3.org/2001/XMLSchema-instance"
    xsi:schemaLocation="http://www.loc.gov/MARC21/slim http://www.loc.gov/standards/marcxml/schema/MARC21slim.xsd"
    xmlns="http://www.loc.gov/MARC21/slim">

  <leader>00976cam a2200325 i 4500</leader>
  <controlfield tag="001">005529191</controlfield>
  <controlfield tag="003">YEEZEN</controlfield>
  <controlfield tag="005">20260310150731.0</controlfield>
  <controlfield tag="008">241030s2024    ch a   g b    000 0 chi d</controlfield>
  <datafield tag="020" ind1=" " ind2=" ">
    <subfield code="a">9786263558434</subfield>
    <subfield code="q">(&#x5E73;&#x88DD;) :</subfield>
    <subfield code="c">&#x65B0;&#x81FA;&#x5E63;450&#x5143;</subfield>
  </datafield>
  <datafield tag="040" ind1=" " ind2=" ">
    <subfield code="a">NPUST</subfield>
    <subfield code="b">chi</subfield>
    <subfield code="c">NPUST</subfield>
    <subfield code="e">CCR</subfield>
  </datafield>
  <datafield tag="041" ind1="0" ind2=" ">
    <subfield code="a">chi</subfield>
  </datafield>
  <datafield tag="042" ind1=" " ind2=" ">
    <subfield code="a">nbic</subfield>
  </datafield>
  <datafield tag="044" ind1=" " ind2=" ">
    <subfield code="a">ch</subfield>
  </datafield>
  <datafield tag="084" ind1=" " ind2=" ">
    <subfield code="a">563</subfield>
    <subfield code="2">ncsclt</subfield>
  </datafield>
  <datafield tag="090" ind1=" " ind2=" ">
    <subfield code="a">563</subfield>
    <subfield code="b">7736</subfield>
  </datafield>
  <datafield tag="100" ind1="1" ind2=" ">
    <subfield code="a">&#x5468;&#x51A0;&#x7537;</subfield>
    <subfield code="e">&#x8457;</subfield>
  </datafield>
  <datafield tag="245" ind1="1" ind2="0">
    <subfield code="a">&#x9577;&#x671F;&#x8CB7;&#x9032; :</subfield>
    <subfield code="b">&#x8CA1;&#x91D1;&#x6559;&#x6388;&#x5468;&#x51A0;&#x7537;&#x7684;42&#x5802;&#x81EA;&#x5236;&#x529B;&#x6295;&#x8CC7;&#x8AB2; /</subfield>
    <subfield code="c">&#x5468;&#x51A0;&#x7537;&#x8457;</subfield>
  </datafield>
  <datafield tag="246" ind1="3" ind2="0">
    <subfield code="a">&#x8CA1;&#x91D1;&#x6559;&#x6388;&#x5468;&#x51A0;&#x7537;&#x7684;42&#x5802;&#x81EA;&#x5236;&#x529B;&#x6295;&#x8CC7;&#x8AB2;</subfield>
  </datafield>
  <datafield tag="246" ind1="3" ind2="3">
    <subfield code="a">&#x8CA1;&#x91D1;&#x6559;&#x6388;&#x5468;&#x51A0;&#x7537;&#x7684;&#x56DB;&#x5341;&#x4E8C;&#x5802;&#x81EA;&#x5236;&#x529B;&#x6295;&#x8CC7;&#x8AB2;</subfield>
  </datafield>
  <datafield tag="250" ind1=" " ind2=" ">
    <subfield code="a">&#x7B2C;&#x4E00;&#x7248;</subfield>
  </datafield>
  <datafield tag="260" ind1=" " ind2=" ">
    <subfield code="a">&#x81FA;&#x5317;&#x5E02; :</subfield>
    <subfield code="b">&#x9060;&#x898B;&#x5929;&#x4E0B;&#x6587;&#x5316;,</subfield>
    <subfield code="c">2024.07</subfield>
  </datafield>
  <datafield tag="300" ind1=" " ind2=" ">
    <subfield code="a">286&#x9762; :</subfield>
    <subfield code="b">&#x5716; ;</subfield>
    <subfield code="c">21&#x516C;&#x5206;</subfield>
  </datafield>
  <datafield tag="490" ind1="1" ind2=" ">
    <subfield code="a">&#x8CA1;&#x7D93;&#x4F01;&#x7BA1; ;</subfield>
    <subfield code="v">BCB848.</subfield>
  </datafield>
  <datafield tag="504" ind1=" " ind2=" ">
    <subfield code="a">&#x542B;&#x53C3;&#x8003;&#x66F8;&#x76EE;</subfield>
  </datafield>
  <datafield tag="650" ind1=" " ind2="7">
    <subfield code="a">&#x7406;&#x8CA1;</subfield>
    <subfield code="2">lcstt.</subfield>
  </datafield>
  <datafield tag="650" ind1=" " ind2="7">
    <subfield code="a">&#x6295;&#x8CC7;</subfield>
    <subfield code="2">lcstt.</subfield>
  </datafield>
  <datafield tag="830" ind1=" " ind2="0">
    <subfield code="a">&#x8CA1;&#x7D93;&#x4F01;&#x7BA1; ;</subfield>
    <subfield code="v">BCB848.</subfield>
  </datafield>
  <datafield tag="942" ind1=" " ind2=" ">
    <subfield code="2">ccl</subfield>
    <subfield code="c">BOOK</subfield>
  </datafield>
  <datafield tag="999" ind1=" " ind2=" ">
    <subfield code="c">7698</subfield>
    <subfield code="d">7698</subfield>
  </datafield>
  <datafield tag="952" ind1=" " ind2=" ">
    <subfield code="0">0</subfield>
    <subfield code="1">0</subfield>
    <subfield code="2">ccl</subfield>
    <subfield code="4">0</subfield>
    <subfield code="7">0</subfield>
    <subfield code="a">yeezen</subfield>
    <subfield code="b">yeezen</subfield>
    <subfield code="c">YEEZEN</subfield>
    <subfield code="d">2026-03-10</subfield>
    <subfield code="l">3</subfield>
    <subfield code="o">563</subfield>
    <subfield code="p">C03281</subfield>
    <subfield code="q">2026-04-27</subfield>
    <subfield code="r">2026-04-13 00:00:00</subfield>
    <subfield code="s">2026-04-13</subfield>
    <subfield code="w">2026-03-10</subfield>
    <subfield code="y">BOOK</subfield>
    <subfield code="z">&#x25A0;&#x6C92;&#x6709;&#x9322;&#x600E;&#x9EBC;&#x6295;&#x8CC7;&#xFF1F; &#x904E;&#x53BB;&#x6211;&#x5011;&#x5E38;&#x807D;&#x5230;&#x300C;&#x672C;&#x591A;&#x7D42;&#x52DD;&#x300D;&#x6216;&#x300C;&#x6295;&#x8CC7;&#x8981;&#x6709;&#x9322;&#x624D;&#x80FD;&#x958B;&#x59CB;&#x300D;&#x7B49;&#x8A00;&#x8AD6;&#xFF0C;&#x4E0D;&#x904E;&#x5C0D;&#x521D;&#x5165;&#x8077;&#x5834;&#x7684;&#x65B0;&#x9BAE;&#x4EBA;&#x6216;&#x7406;&#x8CA1;&#x4E0D;&#x5584;&#x7684;&#x6708;&#x5149;&#x65CF;&#x4F86;&#x8AAA;&#xFF0C;&#x8981;&#x900F;&#x904E;&#x6295;&#x8CC7;&#x7D2F;&#x7A4D;&#x8CA1;&#x5BCC;&#xFF0C;&#x4F3C;&#x4E4E;&#x662F;&#x75F4;&#x4EBA;&#x8AAA;&#x5922;&#x3002; &#x2192;&#x5468;&#x6559;&#x6388;&#x8981;&#x544A;&#x8A34;&#x4F60;&#xFF1A;&#x4E0D;&#x7528;&#x5927;&#x7B46;&#x8CC7;&#x672C;&#xFF0C;&#x53EA;&#x8981;&#x300C;&#x6BCF;&#x500B;&#x6708;&#x5B9A;&#x671F;&#x5B9A;&#x984D;&#x300D;+&#x300C;&#x6642;&#x9593;&#x8907;&#x5229;&#x300D;&#xFF0C;&#x5C31;&#x53EF;&#x4EE5;&#x505A;&#x5230;&#x3002;</subfield>
  </datafield>
</record>
